Indian Cricket - 20 or more test centuries - Statistics

General Stats
  • This quiz has been taken 1,076 times
  • The average score is 5 of 6
Answer Stats
Centuries Years Active Player % Correct
51 1989-2013 Sachin Tendulkar
99%
27 2011-Present Virat Kohli
97%
36 1996-2012 Rahul Dravid
92%
34 1971-1987 Sunil Gavaskar
88%
23 2001-2013 Virender Sehwag
80%
22 1984-2000 Mohammed Azharuddin
56%
No matching quizzes found
Score Distribution
Percent of People with Each Score
Percentile by Number Answered
Your Score History
You have not taken this quiz